| 000 | 02014nam a22002537a 4500 | ||
|---|---|---|---|
| 003 | Uzh_bibl | ||
| 008 | 260430b |||||||| |||| 00| 0 ukr d | ||
| 020 |
_a978-617-12-5401-5 _c90.00 |
||
| 040 | _bукр. | ||
| 041 |
_2ukr _aukr |
||
| 080 | _a821(477) | ||
| 090 |
_a821(477) _bК 59 |
||
| 100 | _aКокотюха, Андрій | ||
| 245 |
_aЧервоний без лінії фронту _cперед.В.Кіпіані. _hТекст |
||
| 260 |
_aХарків _bКнижковий Клуб "Клуб Сімейного Дозвілля" _c2019 |
||
| 300 |
_a320 с. _bкол. вкл. _fВ опр. |
||
| 520 | _aКінороман «Червоний. Без лінії фронту» — довгоочікуване продовження «Червоного», книжки, яка ще до успішної екранізації набула в Україні культового статусу!<br/><br/>Це неймовірна історія! Повстанський командир Данило Червоний не пропав безвісти після зухвалої втечі з табору смерті. Вояк УПА вижив і переміг у нелюдських умовах вічної воркутинської мерзлоти. Щоб зрозуміти, як це йому вдалося, ми маємо повернутися на десять років назад і побачити Червоного юним ліцеїстом, який лише починає боротьбу за свободу. Його шлях по-своєму бачать та оцінюють друг юності Мирон, повстанка Марія, радянський диверсант і донька «ворога народу». | ||
| 521 | _a16+ | ||
| 546 | _aукр. | ||
| 650 | _aЛітературно-художнє видання | ||
| 653 |
_aУПА _aТабір смерті |
||
| 655 |
_aІсторична проза _vРоман |
||
| 942 |
_2udc _cBK |
||
| 999 |
_c17575 _d17575 |
||